[Event "Play for Durgesh Fundraiser Blitz"]
[Site "Vishy Anand Arena"]
[Date "2020.09.19"]
[Round "6"]
[White "Ragavesh"]
[Black "SymbolX"]
[Result "0-1"]
[WhiteElo "1716"]
[BlackElo "1991"]
[PlyCount "116"]
[EventDate "2020.09.19"]
[EventType "swiss (blitz)"]

1. e4 c5 2. Nf3 e6 3. d4 cxd4 4. Nxd4 Nf6 5. Nc3 Nc6 6. Be3 Bb4 7. Nxc6 bxc6 8. Bd3 d5 9. exd5 cxd5 10. Bd2 O-O 11. O-O Bb7 12. a3 Bd6 13. Bg5 h6 14. Bxf6 Qxf6 15. Qe2 Rab8 16. Rab1 a6 17. Bxa6 Ba8 18. Bd3 Bxa3 19. bxa3 Qxc3 20. Rxb8 Rxb8 21. f4 Qxa3 22. f5 Re8 23. fxe6 Rxe6 24. Qf3 Qa7+ 25. Kh1 Rf6 26. Qe2 Rxf1+ 27. Qxf1 Qe3 28. Qa1 Bc6 29. Qb1 g6 30. h3 d4 31. Kh2 Qf4+ 32. Kh1 Qg3 33. Qf1 Qxh3+ 34. Kg1 Qe3+ 35. Kh1 Bd5 36. Bc4 Qh3+ 37. Kg1 Qe3+ 38. Kh1 Bxc4 39. Qxc4 h5 40. Qc8+ Kg7 41. Qc4 h4 42. Kh2 Qf4+ 43. Kh1 Qe4 44. Kh2 g5 45. Qc7 Kg6 46. Qd6+ f6 47. Qc7 Qe5+ 48. Qxe5 fxe5 49. Kh3 Kf5 50. g3 hxg3 51. Kxg3 e4 52. Kf2 g4 53. Ke2 Kf4 54. Kf2 g3+ 55. Ke2 e3 56. Kf1 Kf3 57. Kg1 e2 58. c3 e1=Q# 0-1

[Event "Play for Durgesh Fundraiser Blitz"]
[Site "Vishy Anand Arena"]
[Date "2020.09.19"]
[Round "6"]
[White "Dev11"]
[Black "Kaspypran"]
[Result "0-1"]
[WhiteElo "1711"]
[BlackElo "1879"]
[Annotator "NA"]
[PlyCount "94"]
[EventDate "2020.09.19"]
[EventType "swiss (blitz)"]

1. e4 Nf6 2. Nc3 e5 3. Nf3 Nc6 4. d4 exd4 5. Nxd4 Bb4 6. Nxc6 bxc6 7. Bd3 d5 8. exd5 cxd5 9. O-O O-O 10. Bg5 c6 11. Ne2 h6 12. Bh4 Re8 13. c3 Bd6 14. Re1 Rb8 15. b4 Bg4 16. h3 Bd7 17. Nd4 Rxe1+ 18. Qxe1 g5 19. Bg3 Qc7 20. Bxd6 Qxd6 21. Bf5 Re8 22. Qd2 Ne4 23. Bxe4 Rxe4 24. f3 Re5 25. Nb3 Qe7 26. Nd4 c5 27. bxc5 Qxc5 28. Rb1 Kg7 29. Rb7 Bc6 30. Rc7 Re6 31. Kh2 Qd6+ 32. g3 Qxc7 33. Nxe6+ fxe6 34. Qd4+ e5 35. Qc5 Qd7 36. Qe3 Kf6 37. f4 exf4 38. gxf4 Qf5 39. fxg5+ hxg5 40. Kg1 Qb1+ 41. Kf2 Qxa2+ 42. Kg3 Qc4 43. Kf2 Qf4+ 44. Qxf4+ gxf4 45. Kf3 Kf5 46. Kf2 a5 47. Ke1 a4 0-1

[Event "Play for Durgesh Fundraiser Blitz"]
[Site "Vishy Anand Arena"]
[Date "2020.09.19"]
[Round "6"]
[White "Dev11"]
[Black "aanjaneya"]
[Result "1-0"]
[WhiteElo "1701"]
[BlackElo "1893"]
[Annotator "NA"]
[PlyCount "69"]
[EventDate "2020.09.19"]
[EventType "swiss (blitz)"]

1. e4 c5 2. c3 d5 3. exd5 Nf6 4. Nf3 Nxd5 5. d4 e6 6. Bd3 cxd4 7. cxd4 Bb4+ 8. Bd2 Bxd2+ 9. Nbxd2 Nc6 10. O-O O-O 11. Qe2 Nf4 12. Qe4 Nxd3 13. Qxd3 e5 14. d5 Nb4 15. Qb3 Nxd5 16. Nxe5 Be6 17. Qg3 Rc8 18. Nef3 Rc2 19. Rfc1 Rxb2 20. Ne4 Rb4 21. Neg5 Qf6 22. Nxe6 Qxe6 23. Re1 Qf6 24. Rad1 Nf4 25. Ne5 Nh5 26. Qa3 Qe7 27. Nd7 Qxe1+ 28. Rxe1 Rd8 29. Qxb4 h6 30. Qe7 Ra8 31. Ne5 Nf6 32. Qxf7+ Kh8 33. Ng6+ Kh7 34. Re7 Ng8 35. Qxg7# 1-0

[Event "Play for Durgesh Fundraiser Blitz"]
[Site "Vishy Anand Arena"]
[Date "2020.09.19"]
[Round "6"]
[White "A1263a"]
[Black "Adt1999"]
[Result "1-0"]
[WhiteElo "1699"]
[BlackElo "1460"]
[Annotator "NA"]
[PlyCount "67"]
[EventDate "2020.09.19"]
[EventType "swiss (blitz)"]

1. Nf3 c5 2. g3 d6 3. Bg2 e5 4. O-O Nf6 5. c3 Nc6 6. e3 d5 7. d4 cxd4 8. cxd4 e4 9. Nfd2 Bd6 10. Nc3 O-O 11. Qb3 Be7 12. f3 Bd7 13. fxe4 dxe4 14. Ndxe4 Nxe4 15. Nxe4 Na5 16. Qd1 Rc8 17. Bd2 Nc4 18. b3 Nb2 19. Qe2 a6 20. a4 f5 21. Nc5 Bxc5 22. dxc5 Rxc5 23. Bb4 Nd3 24. Qxd3 Re5 25. Bxf8 Qxf8 26. Qxd7 Rxe3 27. Bd5+ Kh8 28. Qf7 Re8 29. Qxf8+ Rxf8 30. Rae1 g6 31. Re7 g5 32. Rc1 f4 33. Rcc7 fxg3 34. Rxh7# 1-0

[Event "Play for Durgesh Fundraiser Blitz"]
[Site "Vishy Anand Arena"]
[Date "2020.09.19"]
[Round "6"]
[White "Aagam aditya e"]
[Black "Chessison"]
[Result "1-0"]
[WhiteElo "1697"]
[BlackElo "1625"]
[Annotator "NA"]
[PlyCount "51"]
[EventDate "2020.09.19"]
[EventType "swiss (blitz)"]

1. e4 e5 2. Nf3 Nc6 3. Nc3 Nf6 4. d4 exd4 5. Nxd4 Nxd4 6. Qxd4 d6 7. Be3 Be7 8. O-O-O O-O 9. f3 Be6 10. g4 a6 11. g5 Nd7 12. h4 Nb6 13. f4 Bg4 14. Be2 Bxe2 15. Nxe2 f6 16. g6 h6 17. f5 Kh8 18. Qd2 Nc4 19. Qd4 Nxe3 20. Qxe3 Qe8 21. Nf4 Qb5 22. Ne6 Bd8 23. Nxf8 c6 24. Ne6 Bb6 25. Qd3 Qxd3 26. Rxd3 1-0

[Event "Play for Durgesh Fundraiser Blitz"]
[Site "Vishy Anand Arena"]
[Date "2020.09.19"]
[Round "6"]
[White "Ahaanmehta"]
[Black "Sanjith S"]
[Result "1-0"]
[WhiteElo "1690"]
[BlackElo "1451"]
[Annotator "NA"]
[PlyCount "139"]
[EventDate "2020.09.19"]
[EventType "swiss (blitz)"]

1. e4 c5 2. Nf3 Nc6 3. d4 cxd4 4. Nxd4 d5 5. exd5 Qxd5 6. Nxc6 Qxd1+ 7. Kxd1 bxc6 8. Nc3 Nf6 9. f3 e6 10. Be3 Bb4 11. Bd4 Be7 12. Bc4 O-O 13. h4 h6 14. g4 Nd5 15. Nxd5 cxd5 16. Bd3 Bb7 17. f4 a5 18. g5 h5 19. Rg1 g6 20. Kd2 Rfc8 21. Rab1 Bf8 22. c3 Bg7 23. Bxg7 Kxg7 24. Rbe1 Ba6 25. Bxa6 Rxa6 26. Re3 Rb6 27. Rb1 Rcb8 28. Kc2 a4 29. a3 f6 30. Rd3 Rc8 31. Rd4 Rc4 32. Rbd1 Rxd4 33. Rxd4 Kf7 34. Rxa4 e5 35. Ra7+ Ke6 36. fxe5 fxe5 37. Rg7 Kf5 38. Rd7 Ke6 39. Rc7 e4 40. b4 Kd6 41. Rf7 Ke5 42. a4 Rc6 43. Kd2 d4 44. cxd4+ Kxd4 45. Rd7+ Kc4 46. b5 Rb6 47. Ke3 Kb4 48. Rd4+ Ka5 49. Rxe4 Rb7 50. Kf4 Rb6 51. Ke5 Rb7 52. Kf6 Rb6+ 53. Re6 Rxe6+ 54. Kxe6 Kxa4 55. Kf6 Kxb5 56. Kxg6 Kc6 57. Kxh5 Kd6 58. Kh6 Ke7 59. g6 Kf8 60. Kh7 Ke8 61. g7 Ke7 62. g8=Q Kd6 63. Kg7 Ke5 64. h5 Kd4 65. h6 Ke4 66. h7 Ke5 67. h8=Q Kd4 68. Qh4+ Ke5 69. Qe8+ Kf5 70. Qf6+ 1-0

[Event "Play for Durgesh Fundraiser Blitz"]
[Site "Vishy Anand Arena"]
[Date "2020.09.19"]
[Round "6"]
[White "Hrishikeshrr"]
[Black "EvilGenius_04"]
[Result "1-0"]
[WhiteElo "1690"]
[BlackElo "1880"]
[Annotator "NA"]
[PlyCount "69"]
[EventDate "2020.09.19"]
[EventType "swiss (blitz)"]

1. Nf3 Nf6 2. g3 b6 3. Bg2 Bb7 4. O-O e6 5. Nc3 Be7 6. d4 d5 7. e3 Nbd7 8. Ne2 O-O 9. b3 c5 10. Bb2 Rc8 11. Rc1 c4 12. c3 Ne4 13. Nd2 f5 14. bxc4 Nxd2 15. Qxd2 Rxc4 16. Nf4 Rc6 17. c4 Nf6 18. cxd5 Rxc1 19. Rxc1 Bxd5 20. Bxd5 exd5 21. Ne6 Qd6 22. Nxf8 Bxf8 23. Qc3 Ne4 24. Qc7 Qb4 25. Bc3 Qa3 26. Rc2 Qa4 27. Be1 h5 28. Qc6 Qxc6 29. Rxc6 Bd6 30. f3 Ng5 31. Rxd6 Nxf3+ 32. Kf2 Ng5 33. Rxd5 Ne4+ 34. Kf3 Nc3 35. Rxf5 1-0

[Event "Play for Durgesh Fundraiser Blitz"]
[Site "Vishy Anand Arena"]
[Date "2020.09.19"]
[Round "6"]
[White "Abhiharry726"]
[Black "Hmota"]
[Result "0-1"]
[WhiteElo "1685"]
[BlackElo "1478"]
[Annotator "NA"]
[PlyCount "78"]
[EventDate "2020.09.19"]
[EventType "swiss (blitz)"]

1. e4 e5 2. Nf3 Nc6 3. Nc3 Nf6 4. d4 d6 5. Bg5 Be7 6. Bxf6 Bxf6 7. d5 Nd4 8. Bd3 Bg4 9. Be2 O-O 10. Nxd4 exd4 11. Nb5 Bd7 12. Na3 c5 13. Bc4 a6 14. Bd3 b5 15. Nb1 c4 16. Be2 Qb6 17. O-O Rfe8 18. Nd2 Re7 19. Nf3 Rxe4 20. Rb1 Bg4 21. Re1 Rae8 22. h3 Bh5 23. Qd2 Qc5 24. g4 Bg6 25. Rbd1 Qxd5 26. Nh2 R8e5 27. Bf3 Bg5 28. Bxe4 Bxd2 29. Bxd5 Bxe1 30. Bg2 Bxc2 31. Rxd4 f6 32. Rxd6 Kf7 33. Bd5+ Ke7 34. Rxa6 Be4 35. Bxe4 Rxe4 36. Ra7+ Kd6 37. Rxg7 Re2 38. Rxh7 Bxf2+ 39. Kh1 Re1+ 0-1

[Event "Play for Durgesh Fundraiser Blitz"]
[Site "Vishy Anand Arena"]
[Date "2020.09.19"]
[Round "6"]
[White "Mukunda2507"]
[Black "Sarvad64squares"]
[Result "1-0"]
[WhiteElo "1681"]
[BlackElo "1511"]
[Annotator "NA"]
[PlyCount "99"]
[EventDate "2020.09.19"]
[EventType "swiss (blitz)"]

1. e4 e5 2. Nc3 Nc6 3. g3 Bc5 4. Bg2 Nf6 5. Nge2 O-O 6. O-O d6 7. Na4 Ng4 8. Nxc5 dxc5 9. d3 Nf6 10. f4 Nd7 11. f5 f6 12. g4 Nd4 13. Nxd4 exd4 14. Bf4 Ne5 15. Bxe5 fxe5 16. Qd2 Qh4 17. g5 Bd7 18. Kh1 h6 19. gxh6 Qxh6 20. Qxh6 gxh6 21. Bf3 Kh7 22. Rg1 Rg8 23. Bh5 Rxg1+ 24. Rxg1 Rf8 25. Bg6+ Kh8 26. Kg2 c4 27. Kh3 c5 28. Kh4 cxd3 29. cxd3 c4 30. dxc4 Bc6 31. Kh5 Bxe4 32. Re1 Bxf5 33. Rxe5 Bxg6+ 34. Kxg6 Rd8 35. Re2 d3 36. Rd2 Rd6+ 37. Kf5 Rd4 38. b3 Kg7 39. Ke5 Rh4 40. Rxd3 Rxh2 41. Rd7+ Kg6 42. Rxb7 Rxa2 43. c5 Rc2 44. Kd6 h5 45. c6 h4 46. c7 Rd2+ 47. Kc6 Rc2+ 48. Kb5 h3 49. Rb8 h2 50. Rg8+ 1-0

[Event "Play for Durgesh Fundraiser Blitz"]
[Site "Vishy Anand Arena"]
[Date "2020.09.19"]
[Round "6"]
[White "Rahulyadav"]
[Black "Geethanjali2"]
[Result "1-0"]
[WhiteElo "1677"]
[BlackElo "1456"]
[Annotator "NA"]
[PlyCount "57"]
[EventDate "2020.09.19"]
[EventType "swiss (blitz)"]

1. d4 d5 2. Bf4 Nc6 3. e3 f6 4. Nf3 Bf5 5. Bd3 Bg6 6. O-O e6 7. c4 Bd6 8. Bg3 Bxg3 9. hxg3 Qd7 10. Nc3 O-O-O 11. cxd5 exd5 12. Rc1 Nge7 13. Qe2 Kb8 14. a3 h5 15. b4 Nf5 16. Nd2 h4 17. g4 Nfe7 18. Nb3 h3 19. g3 Bxd3 20. Qxd3 Qxg4 21. Kh2 Qf3 22. Rg1 Qxf2+ 23. Kh1 h2 24. Rg2 Qf5 25. Qb5 Rh6 26. Nc5 b6 27. Rb2 Qg4 28. Qa6 Qg5 29. Qb7# 1-0

[Event "Play for Durgesh Fundraiser Blitz"]
[Site "Vishy Anand Arena"]
[Date "2020.09.19"]
[Round "6"]
[White "Duvvaabbulu"]
[Black "Aagam aditya e"]
[Result "1-0"]
[WhiteElo "1675"]
[BlackElo "1716"]
[Annotator "NA"]
[PlyCount "53"]
[EventDate "2020.09.19"]
[EventType "swiss (blitz)"]

1. e4 e5 2. Nf3 Nc6 3. d4 exd4 4. Bc4 Bc5 5. c3 d3 6. O-O Nge7 7. b4 Bb6 8. a4 a6 9. Ng5 O-O 10. Qh5 h6 11. Nxf7 Rxf7 12. Bxf7+ Kf8 13. Bb3 Qe8 14. Qf3+ Nf5 15. Qxf5+ Ke7 16. Bf4 d6 17. Qh7 Kf6 18. Nd2 Ne5 19. Bxe5+ dxe5 20. Kh1 Be6 21. f4 Bxb3 22. fxe5+ Kxe5 23. Qxg7+ Kd6 24. Nxb3 Qe7 25. Rf6+ Kd7 26. Rf7 Rd8 27. Rxe7+ 1-0

[Event "Play for Durgesh Fundraiser Blitz"]
[Site "Vishy Anand Arena"]
[Date "2020.09.19"]
[Round "6"]
[White "Amalraj001"]
[Black "ASB"]
[Result "0-1"]
[WhiteElo "1674"]
[BlackElo "2049"]
[Annotator "NA"]
[PlyCount "104"]
[EventDate "2020.09.19"]
[EventType "swiss (blitz)"]

1. e4 d5 2. exd5 Nf6 3. Nc3 Nxd5 4. Nxd5 Qxd5 5. Nf3 Nc6 6. Be2 Bf5 7. d3 O-O-O 8. Bf4 f6 9. c4 Qd7 10. O-O e5 11. Bg3 Bxd3 12. Bxd3 Qxd3 13. Qxd3 Rxd3 14. Rfd1 Rxd1+ 15. Rxd1 Bc5 16. a3 Nd4 17. Nxd4 Bxd4 18. b4 Rd8 19. Kf1 g5 20. Ke2 h5 21. f3 h4 22. Bf2 Bxf2 23. Rxd8+ Kxd8 24. Kxf2 Kd7 25. Ke3 Ke6 26. Ke4 f5+ 27. Ke3 a6 28. g3 hxg3 29. hxg3 g4 30. fxg4 fxg4 31. Ke4 c6 32. c5 Kf6 33. a4 Ke6 34. b5 axb5 35. axb5 cxb5 36. Ke3 Kd5 37. Kd3 e4+ 38. Ke3 Ke5 39. Kd2 Kd4 40. Ke2 b4 41. Kd2 b3 42. Kc1 Kxc5 43. Kb2 Kc4 44. Ka3 e3 45. Ka4 e2 46. Ka5 e1=Q+ 47. Kb6 b2 48. Ka7 b1=Q 49. Kb8 Qe8+ 50. Ka7 Qa1+ 51. Kb6 Qf6+ 52. Ka7 Qa6# 0-1

[Event "Play for Durgesh Fundraiser Blitz"]
[Site "Vishy Anand Arena"]
[Date "2020.09.19"]
[Round "6"]
[White "Ritwik chess"]
[Black "VedTheKnight"]
[Result "1-0"]
[WhiteElo "1667"]
[BlackElo "1781"]
[Annotator "NA"]
[PlyCount "43"]
[EventDate "2020.09.19"]
[EventType "swiss (blitz)"]

1. c4 e5 2. g3 Nc6 3. Nc3 Nf6 4. Bg2 Bb4 5. d3 Bxc3+ 6. bxc3 d5 7. cxd5 Nxd5 8. c4 Nf6 9. Nf3 O-O 10. O-O Re8 11. Bb2 Bf5 12. Qb3 Rb8 13. Rab1 Nd4 14. Nxd4 e4 15. Nxf5 exd3 16. Qxd3 Qc8 17. Bxf6 gxf6 18. Nh6+ Kg7 19. Nf5+ Kg8 20. Qf3 c6 21. Qg4+ Kh8 22. Qg7# 1-0

[Event "Play for Durgesh Fundraiser Blitz"]
[Site "Vishy Anand Arena"]
[Date "2020.09.19"]
[Round "6"]
[White "Arjunkhandelwal"]
[Black "loss2win"]
[Result "0-1"]
[WhiteElo "1662"]
[BlackElo "1891"]
[Annotator "NA"]
[PlyCount "56"]
[EventDate "2020.09.19"]
[EventType "swiss (blitz)"]

1. e4 c5 2. Nf3 d6 3. d3 g6 4. Nbd2 Bg7 5. g3 Nf6 6. Bg2 O-O 7. O-O Nc6 8. Re1 Bg4 9. c3 Rb8 10. h3 Bxf3 11. Nxf3 b5 12. Bg5 b4 13. Rb1 a5 14. c4 e5 15. Qd2 Qd7 16. Bh6 Nd4 17. Bxg7 Kxg7 18. Ng5 h6 19. Nf3 Nxf3+ 20. Bxf3 Qxh3 21. Bg2 Qe6 22. f4 exf4 23. Qxf4 Qe5 24. Qf3 Nh5 25. g4 Nf4 26. Rf1 g5 27. Rbd1 Qxb2 28. Rf2 Qd4 0-1

[Event "Play for Durgesh Fundraiser Blitz"]
[Site "Vishy Anand Arena"]
[Date "2020.09.19"]
[Round "6"]
[White "Tchitnis"]
[Black "Arunava"]
[Result "0-1"]
[WhiteElo "1661"]
[BlackElo "1712"]
[Annotator "NA"]
[PlyCount "86"]
[EventDate "2020.09.19"]
[EventType "swiss (blitz)"]

1. e4 c5 2. Nf3 e6 3. d4 cxd4 4. Nxd4 a6 5. Be3 Nf6 6. Bd3 Qc7 7. O-O h5 8. c3 Ng4 9. g3 Nxe3 10. fxe3 h4 11. Qf3 hxg3 12. Qxg3 Qxg3+ 13. hxg3 Bd6 14. Kg2 Nc6 15. Nd2 Ne5 16. Be2 b5 17. a4 b4 18. cxb4 Bxb4 19. Nc4 Nxc4 20. Bxc4 Bb7 21. Bd3 Ke7 22. Rh1 f5 23. Kf3 g5 24. Ke2 fxe4 25. Bc2 Bd5 26. Raf1 Bc4+ 27. Kf2 Bxf1 28. Rxf1 Raf8+ 29. Kg2 Rh2+ 30. Kxh2 Rxf1 31. Kg2 Re1 32. Kf2 Rc1 33. Bxe4 Bc5 34. Bb7 Bxd4 35. exd4 a5 36. b3 Rc3 37. Ba6 Rxb3 38. Bb5 Kd6 39. Kg2 Rxb5 40. axb5 a4 41. Kf3 a3 42. Kg4 a2 43. Kxg5 a1=Q 0-1

[Event "Play for Durgesh Fundraiser Blitz"]
[Site "Vishy Anand Arena"]
[Date "2020.09.19"]
[Round "6"]
[White "Nisanth2107"]
[Black "Duvvaabbulu"]
[Result "0-1"]
[WhiteElo "1660"]
[BlackElo "1713"]
[Annotator "NA"]
[PlyCount "32"]
[EventDate "2020.09.19"]
[EventType "swiss (blitz)"]

1. e4 d6 2. d4 Nf6 3. Nf3 Nxe4 4. Qd3 d5 5. Ne5 Nd7 6. f3 Nef6 7. Bg5 g6 8. Be2 Bg7 9. O-O O-O 10. f4 Ne4 11. Nxd7 Bxd7 12. Bf3 Bf5 13. Re1 Qd7 14. Bxe4 Bxe4 15. Qh3 Bxd4+ 16. Kh1 Qxh3 0-1

[Event "Play for Durgesh Fundraiser Blitz"]
[Site "Vishy Anand Arena"]
[Date "2020.09.19"]
[Round "6"]
[White "skipper_chess"]
[Black "Aditya_06"]
[Result "0-1"]
[WhiteElo "1655"]
[BlackElo "1702"]
[Annotator "NA"]
[PlyCount "66"]
[EventDate "2020.09.19"]
[EventType "swiss (blitz)"]

1. e4 c5 2. Nc3 e6 3. f4 d5 4. exd5 exd5 5. Bb5+ Nc6 6. d4 c4 7. Nf3 Nf6 8. O-O Be7 9. Re1 O-O 10. Bxc6 bxc6 11. Ne5 Bb7 12. Qe2 Re8 13. Qf2 Qc7 14. f5 c5 15. Bf4 Qa5 16. Bd2 cxd4 17. Qxd4 Bc5 18. Nb5 Bxd4+ 19. Nxd4 Qb6 20. Bc3 a6 21. Re2 Ne4 22. Rae1 Rxe5 23. Kh1 Ree8 24. f6 Nxf6 25. Rxe8+ Rxe8 26. Rxe8+ Nxe8 27. Nf5 Qf2 28. Ng3 f5 29. h3 Qxg3 30. b3 Qxc3 31. a4 d4 32. b4 Qg3 33. b5 Qxg2# 0-1

[Event "Play for Durgesh Fundraiser Blitz"]
[Site "Vishy Anand Arena"]
[Date "2020.09.19"]
[Round "6"]
[White "Tusharsawant91"]
[Black "Prathinav244"]
[Result "0-1"]
[WhiteElo "1649"]
[BlackElo "1336"]
[Annotator "NA"]
[PlyCount "52"]
[EventDate "2020.09.19"]
[EventType "swiss (blitz)"]

1. e4 c5 2. Nf3 a6 3. d3 e6 4. Be2 b5 5. O-O Bb7 6. Re1 Be7 7. Bf4 Nf6 8. h3 O-O 9. e5 Nd5 10. Bh2 Nc6 11. c4 Nb6 12. b3 d5 13. cxb5 axb5 14. Nc3 Ba6 15. d4 c4 16. bxc4 bxc4 17. Na4 Nb4 18. Nc5 Bb5 19. a3 Na6 20. a4 Nxc5 21. axb5 Nb3 22. Rxa8 Qxa8 23. Nd2 Ba3 24. Nxb3 cxb3 25. Qxb3 Qa5 26. Ra1 Qd2 0-1

[Event "Play for Durgesh Fundraiser Blitz"]
[Site "Vishy Anand Arena"]
[Date "2020.09.19"]
[Round "6"]
[White "Architsaigal"]
[Black "The ChessForce"]
[Result "0-1"]
[WhiteElo "1648"]
[BlackElo "1478"]
[Annotator "NA"]
[PlyCount "84"]
[EventDate "2020.09.19"]
[EventType "swiss (blitz)"]

1. e4 e5 2. Nf3 Nc6 3. Bb5 a6 4. Ba4 b5 5. Bb3 Nf6 6. O-O d6 7. Re1 Be7 8. c3 O-O 9. d4 exd4 10. cxd4 d5 11. e5 Ne4 12. Nc3 Nxc3 13. bxc3 Na5 14. Bc2 Bg4 15. h3 Bh5 16. a4 Nc4 17. Qd3 Bg6 18. Qd1 f5 19. e6 Nd6 20. Nh4 Bxh4 21. Ba3 Be7 22. Re5 Nc4 23. Bxe7 Qxe7 24. Re1 Rf6 25. axb5 Rxe6 26. Rxe6 Qxe6 27. Bb3 Qb6 28. bxa6 Rxa6 29. Rb1 Qd6 30. Qe1 Rb6 31. Qe2 f4 32. Qa2 Bxb1 33. Bxc4 Bxa2 34. Bxa2 Qa3 35. Bxd5+ Kf8 36. Kh2 Qc1 37. Bf3 Rf6 38. h4 Qxc3 39. Kh3 Qxd4 40. Kg4 Qc5 41. Kh3 Qa3 42. Kh2 Qxf3 0-1

[Event "Play for Durgesh Fundraiser Blitz"]
[Site "Vishy Anand Arena"]
[Date "2020.09.19"]
[Round "6"]
[White "Sragvidhanvi"]
[Black "Kaspypran"]
[Result "0-1"]
[WhiteElo "1648"]
[BlackElo "1888"]
[Annotator "NA"]
[PlyCount "80"]
[EventDate "2020.09.19"]
[EventType "swiss (blitz)"]

1. d4 Nf6 2. Bf4 Nd5 3. Bg3 c5 4. dxc5 Qa5+ 5. c3 Qxc5 6. Nd2 Nf6 7. Ngf3 d6 8. e3 g6 9. Nb3 Qc7 10. Nbd4 a6 11. Qb3 Bg7 12. Bc4 O-O 13. Ng5 e6 14. Ne4 Nxe4 15. f3 Nc5 16. Qc2 b5 17. Bd3 Nxd3+ 18. Qxd3 e5 19. Ne2 Be6 20. O-O Nc6 21. e4 Na5 22. Rac1 Bxa2 23. Rfd1 Rfd8 24. Ra1 Bc4 25. Qd2 Nb3 26. Qc2 Nxa1 27. Rxa1 Bxe2 28. Qxe2 Qc4 29. Qxc4 bxc4 30. Bf2 d5 31. exd5 Rxd5 32. Kf1 Rd2 33. Ke1 Rxb2 34. Ra5 e4 35. fxe4 Bxc3+ 36. Kd1 Bxa5 37. Kc1 Rxf2 38. Kd1 Rd8+ 39. Kc1 Rdd2 40. Kb1 Rf1# 0-1

[Event "Play for Durgesh Fundraiser Blitz"]
[Site "Vishy Anand Arena"]
[Date "2020.09.19"]
[Round "6"]
[White "Sushruthareddy"]
[Black "Adt1999"]
[Result "1-0"]
[WhiteElo "1648"]
[BlackElo "1469"]
[Annotator "NA"]
[PlyCount "125"]
[EventDate "2020.09.19"]
[EventType "swiss (blitz)"]

1. e4 c5 2. Nf3 d6 3. Bb5+ Nc6 4. O-O a6 5. Bxc6+ bxc6 6. c3 Nf6 7. Re1 e5 8. d4 cxd4 9. cxd4 Be7 10. dxe5 dxe5 11. Qxd8+ Bxd8 12. Nxe5 Ba5 13. Re2 Bb7 14. Bd2 Bc7 15. Nf3 O-O 16. Nc3 Rfe8 17. Bg5 Nd7 18. Rd1 Nc5 19. b4 Nxe4 20. Rxe4 Rxe4 21. Nxe4 f6 22. Be3 c5 23. Nxc5 Bxf3 24. gxf3 Bb6 25. Rd6 Bxc5 26. Bxc5 Kf7 27. a3 Kg6 28. Kg2 Kf5 29. Rd7 Kg6 30. Rb7 h6 31. h3 Kf5 32. Rxg7 h5 33. Rh7 Rg8+ 34. Kf1 Kf4 35. Ke2 Re8+ 36. Be3+ Ke5 37. Rxh5+ f5 38. f4+ Ke4 39. f3+ Kd5 40. Rxf5+ Kc4 41. h4 Kb3 42. Ra5 Kc4 43. Rxa6 Kd5 44. h5 Kc4 45. h6 Kb5 46. Rg6 Rh8 47. f5 Ka4 48. f6 Kxa3 49. Bd4 Re8+ 50. Kf2 Kxb4 51. f7 Rc8 52. h7 Rc2+ 53. Kg3 Rc1 54. h8=Q Rg1+ 55. Kf4 Rxg6 56. Qb8+ Kc4 57. f8=Q Kd3 58. Qa3+ Kc4 59. Qbb4+ Kd5 60. Qaa5+ Ke6 61. Qbb6+ Kf7 62. Qaa7+ Kg8 63. Qbb8# 1-0

[Event "Play for Durgesh Fundraiser Blitz"]
[Site "Vishy Anand Arena"]
[Date "2020.09.19"]
[Round "6"]
[White "HarshPandit"]
[Black "Mastering tempo"]
[Result "1-0"]
[WhiteElo "1647"]
[BlackElo "1942"]
[PlyCount "47"]
[EventDate "2020.09.19"]
[EventType "swiss (blitz)"]

1. d4 Nf6 2. c4 c5 3. d5 b5 4. cxb5 a6 5. Nc3 g6 6. e4 d6 7. Bd3 Bg7 8. Nge2 O-O 9. O-O axb5 10. Bxb5 Nbd7 11. Bd3 Ba6 12. Kh1 Qa5 13. Bxa6 Qxa6 14. f4 Rfb8 15. Qc2 c4 16. Bd2 Nc5 17. e5 Nfd7 18. e6 fxe6 19. dxe6 Nxe6 20. f5 Nd4 21. Nxd4 Bxd4 22. fxg6 hxg6 23. Qxg6+ Bg7 24. Rf7 1-0

[Event "Play for Durgesh Fundraiser Blitz"]
[Site "Vishy Anand Arena"]
[Date "2020.09.19"]
[Round "6"]
[White "Tknayak101"]
[Black "Avichaljadeja02"]
[Result "0-1"]
[WhiteElo "1647"]
[BlackElo "1684"]
[Annotator "NA"]
[PlyCount "36"]
[EventDate "2020.09.19"]
[EventType "swiss (blitz)"]

1. e4 c5 2. Nc3 Nc6 3. Nf3 g6 4. d4 cxd4 5. Nxd4 Bg7 6. Be3 Nf6 7. Qd2 Ng4 8. O-O-O Nxe3 9. fxe3 O-O 10. Kb1 Qb6 11. h3 e6 12. g4 Rd8 13. g5 d5 14. exd5 exd5 15. h4 Bg4 16. Be2 Bxe2 17. Ncxe2 Rac8 18. Nxc6 Qxb2# 0-1

[Event "Play for Durgesh Fundraiser Blitz"]
[Site "Vishy Anand Arena"]
[Date "2020.09.19"]
[Round "6"]
[White "H809"]
[Black "maddy_ducky"]
[Result "0-1"]
[WhiteElo "1645"]
[BlackElo "1474"]
[Annotator "NA"]
[PlyCount "46"]
[EventDate "2020.09.19"]
[EventType "swiss (blitz)"]

1. e4 c6 2. d4 d5 3. e5 c5 4. c3 e6 5. Nf3 Nc6 6. Be3 Nge7 7. Be2 Ng6 8. O-O Be7 9. Nbd2 O-O 10. Ne1 f6 11. f4 fxe5 12. fxe5 Rxf1+ 13. Bxf1 cxd4 14. cxd4 Bg5 15. Bxg5 Qxg5 16. Nef3 Qe3+ 17. Kh1 Nxd4 18. Nxd4 Qxd4 19. Nf3 Qxd1 20. Rxd1 Bd7 21. b4 Rc8 22. Bd3 Nf4 23. g3 Nxd3 0-1

[Event "Play for Durgesh Fundraiser Blitz"]
[Site "Vishy Anand Arena"]
[Date "2020.09.19"]
[Round "6"]
[White "Castle_64"]
[Black "VedTheKnight"]
[Result "1-0"]
[WhiteElo "1642"]
[BlackElo "1759"]
[Annotator "NA"]
[PlyCount "61"]
[EventDate "2020.09.19"]
[EventType "swiss (blitz)"]

1. e4 c5 2. Nf3 g6 3. d4 cxd4 4. Nxd4 Bg7 5. c4 Nc6 6. Be3 Nf6 7. Nc3 O-O 8. Be2 d6 9. O-O Bd7 10. Qd2 a6 11. a3 Nxd4 12. Bxd4 Bc6 13. b4 Rc8 14. Rab1 Nd7 15. b5 axb5 16. cxb5 e5 17. bxc6 exd4 18. cxd7 dxc3 19. dxc8=Q cxd2 20. Qxd8 Rxd8 21. Rfd1 Bc3 22. Rxb7 Rc8 23. a4 Ba5 24. Rb5 Bc3 25. a5 Ra8 26. a6 Kg7 27. Rb7 Re8 28. a7 Rxe4 29. a8=Q Rxe2 30. Rbb1 Bd4 31. Qf3 1-0

[Event "Play for Durgesh Fundraiser Blitz"]
[Site "Vishy Anand Arena"]
[Date "2020.09.19"]
[Round "6"]
[White "Tchitnis"]
[Black "Arunava"]
[Result "1-0"]
[WhiteElo "1640"]
[BlackElo "1733"]
[Annotator "NA"]
[PlyCount "97"]
[EventDate "2020.09.19"]
[EventType "swiss (blitz)"]

1. e4 c5 2. Nf3 e6 3. d4 cxd4 4. Nxd4 a6 5. Be3 Nf6 6. Bd3 d5 7. exd5 Nxd5 8. Bd2 Bc5 9. Nb3 Bb6 10. O-O Nc6 11. Nc3 O-O 12. Qh5 f5 13. Rad1 Ncb4 14. Be2 Qe8 15. Qh4 Bd7 16. a3 Nxc3 17. Bxc3 Nd5 18. Be5 Bc6 19. Bf3 Rc8 20. c3 Qf7 21. Nd4 Ba4 22. Rd2 Bc7 23. Bxc7 Nxc7 24. Nxf5 exf5 25. Qxa4 b5 26. Qf4 Ne6 27. Qe5 Rc5 28. Qd6 Rfc8 29. Bd5 Rxd5 30. Qxd5 h6 31. Re1 Nf4 32. Qxf7+ Kxf7 33. Rd6 Ra8 34. g3 Ng6 35. Ree6 Ne7 36. Rxa6 Rd8 37. Red6 Rc8 38. Ra7 Kf8 39. Rdd7 Re8 40. Kg2 g5 41. f4 gxf4 42. gxf4 Ng6 43. Kf3 Nh4+ 44. Kg3 Ng6 45. Rf7+ Kg8 46. Rg7+ Kf8 47. Rxg6 Re7 48. Rxh6 Re3+ 49. Kf2 1-0

[Event "Play for Durgesh Fundraiser Blitz"]
[Site "Vishy Anand Arena"]
[Date "2020.09.19"]
[Round "6"]
[White "reymysterio"]
[Black "Chessking2003 qw"]
[Result "0-1"]
[WhiteElo "1639"]
[BlackElo "1655"]
[Annotator "NA"]
[PlyCount "32"]
[EventDate "2020.09.19"]
[EventType "swiss (blitz)"]

1. c4 c5 2. Nf3 Nc6 3. d4 cxd4 4. Nxd4 g6 5. e4 Nf6 6. Nc3 d6 7. g3 Bg7 8. Be3 Ng4 9. Nxc6 bxc6 10. Bd4 e5 11. Be3 Nxe3 12. fxe3 Qb6 13. Qd2 O-O 14. Bg2 Bh6 15. Nd1 Be6 16. b3 Rfd8 0-1